| 000 | 01208naa a22002777a 4500 | ||
|---|---|---|---|
| 001 | BR6004390 | ||
| 003 | BR-BrBNA | ||
| 005 | 20250709164603.0 | ||
| 007 | ta | ||
| 008 | 250630b bl.|||m| |||| 00| 0 por d | ||
| 040 |
_aBR-BrBNA _bpor _cBiblioteca Nacional de Agricultura |
||
| 041 | _a(Pt) | ||
| 072 | _aE50 | ||
| 090 | _aE50 BR6004390 | ||
| 100 | 1 | _aSilveira, N.F. da | |
| 111 | 1 |
_aSeminario Nacional sobre as Ciencias Sociais e o Desenvolvimento de Comunidade Rural no Brasil _cRio de Janeiro, GB (Brazil) _d5 Jul 1960 |
|
| 245 | 1 | _aO desenvolvimento de comunidade rural e a crise de lideranca tecnica | |
| 500 | _aAnais do Seminario Nacional sobre as Ciencias Sociais e o Desenvolvimento de Comunidade Rural no Brasil Rio de Janeiro, GB (Brasil): 1961. p. 163-170 (BR6004390-AMS) | ||
| 773 | 0 |
_tAnais do Seminario Nacional sobre as Ciencias Sociais e o Desenvolvimento de Comunidade Rural no Brasil _wE50 BR6004390 _gRio de Janeiro, GB (Brasil), 1961. p. 163-170 |
|
| 650 | _aSociologia rural | ||
| 650 | _aComunidade rural | ||
| 650 | _aAssistencia tecnica | ||
| 490 |
_aDocumentos - Servico Social Rural (Brazil) _vno. 5 |
||
| 942 |
_cAMS _2AGRIS |
||
| 909 |
_a202506 _bLúcia _c55 _dLúcia Elande |
||
| 999 |
_c332547 _d332547 |
||